Equipos Laliga 2024-2025 - Estadísticas

Estadísticas generales
  • Esta prueba ha sido intentada 225 veces
  • La puntuación promedio es 18 de 20
Estadísticas de respuestas
Puesto Respuesta % Correcto
#2 Real Madrid
99%
#3 Barcelona
98%
#10 Betis
95%
#13 Sevilla
95%
#20 Valencia
94%
#5 Villarreal
90%
#1 Atlético Madrid
89%
#15 Getafe
89%
#8 Girona
89%
#14 Las Palmas
88%
#4 Athletic Club
87%
#12 Celta
87%
#18 Espanyol
87%
#19 Valladolid
87%
#9 Rayo Vallecano
86%
#7 Real Sociedad
86%
#16 Leganés
85%
#17 Alavés
84%
#11 Osasuna
84%
#6 R.C.D Mallorca
84%
No se encontraron pruebas coincidentes
Distribución de puntuación
Porcentaje de gente con cada puntuación
Porcentaje por número respondido
Historial de tus puntuaciones
No has intentado esta prueba.